000 01245nam0a2200325 4500
001 RU\NLR\bibl\1481084
005 20250616005601.0
021 _aRU
_b2009-108674
_96925
035 _a(nilc)RSL-KNO-004566561
035 _a(NLR Aleph) 001472730
090 _a1653886
_c1653886
100 _a20100114d2009 |||y0rusy50 ca
101 0 _arus
102 _aRU
105 _aa |||||||||
200 1 _aИнновационное управление рабочими процессами производства (на примере строительства)
_fМ. Е. Гороход
210 _aМосква
_c[б.и.]
_d2009
215 _a103 с.
_cил., табл.
_d21
320 _aБиблиогр.: с. 99-103 (65 назв.)
606 1 _aСтроительная промышленность
_xУправление
_yРоссийская Федерация
_92360099
_3RU\NLR\auth\661409406
686 _aУ9(2)310-210.3,0
_2rubbk
686 _aН6н6,0
_2rubbk
686 _aУ31(2)-21(2Р)
700 1 _aГороход
_bМ. Е.
_gМихаил Ефимович
_4070
801 0 _aRU
_bРГБ
_c20100114
_grcr
801 1 _aRU
_bРГБ
_c20100114
801 2 _aRU
_bNLR
_c20100305
_grcr
942 _cBOOK
980 _aNB